Struggle within Islam: The Conflict Between Religion and Politics (Record no. 216537)
[ view plain ]
| 000 -LEADER | |
|---|---|
| fixed length control field | 00642nam a22002297a 4500 |
| 005 - DATE AND TIME OF LATEST TRANSACTION | |
| control field | 20211009091311.0 |
| 008 - FIXED-LENGTH DATA ELEMENTS--GENERAL INFORMATION | |
| fixed length control field | 211009b ||||| |||| 00| 0 eng d |
| 020 ## - INTERNATIONAL STANDARD BOOK NUMBER | |
| International Standard Book Number | 0670823546 |
| 040 ## - CATALOGING SOURCE | |
| Transcribing agency | AL |
| 041 ## - LANGUAGE CODE | |
| Language code of text/sound track or separate title | eng |
| 082 ## - DEWEY DECIMAL CLASSIFICATION NUMBER | |
| Edition number | 23 |
| Classification number | 297.1977 |
| Item number | ZAKS |
| 100 ## - MAIN ENTRY--PERSONAL NAME | |
| Personal name | Rafiq Zakaria |
| 9 (RLIN) | 1012 |
| 245 ## - TITLE STATEMENT | |
| Title | Struggle within Islam: The Conflict Between Religion and Politics |
| 260 ## - PUBLICATION, DISTRIBUTION, ETC. | |
| Place of publication, distribution, etc. | New Delhi |
| Name of publisher, distributor, etc. | Viking |
| Date of publication, distribution, etc. | 1988 |
| 300 ## - PHYSICAL DESCRIPTION | |
| Extent | x,470 p. |
| Other physical details | HB |
| Dimensions | 22x14 cm. |
| 365 ## - TRADE PRICE | |
| Price amount | 100.00 |
| Currency code | ₹ |
| Unit of pricing | 100.00 |
| 650 ## - SUBJECT ADDED ENTRY--TOPICAL TERM | |
| Topical term or geographic name entry element | Islam |
| 9 (RLIN) | 1013 |
| 650 ## - SUBJECT ADDED ENTRY--TOPICAL TERM | |
| Topical term or geographic name entry element | Islam and Politics |
| 9 (RLIN) | 1014 |
| 650 ## - SUBJECT ADDED ENTRY--TOPICAL TERM | |
| Topical term or geographic name entry element | Indian Muslims |
| 9 (RLIN) | 1015 |
| 700 ## - ADDED ENTRY--PERSONAL NAME | |
| Personal name | ZAKARIA (Rafiq) |
| 9 (RLIN) | 1016 |
| 942 ## - ADDED ENTRY ELEMENTS (KOHA) | |
| Source of classification or shelving scheme | Dewey Decimal Classification |
| Koha item type | George Fernandes Collections |
| Withdrawn status | Lost status | Source of classification or shelving scheme | Damaged status | Not for loan | Collection code | Home library | Current library | Date acquired | Cost, normal purchase price | Total Checkouts | Full call number | Barcode | Date last seen | Cost, replacement price | Price effective from | Koha item type |
|---|---|---|---|---|---|---|---|---|---|---|---|---|---|---|---|---|
| Dewey Decimal Classification | Others | St Aloysius Library | St Aloysius Library | 03/24/2013 | 100.00 | 297.1977 ZAKS | GF01082 | 10/09/2021 | 100.00 | 03/24/2013 | George Fernandes Collections |